000 01899cam a2200361 4500500
005 20251228073632.0
041 _afre
042 _adc
100 1 0 _aGasparro, Domingo
_eauthor
700 1 0 _aMoret, Jean-Marc
_eauthor
245 0 0 _aDessins sans dessein
260 _c2005.
500 _a15
520 _aNouvelle lecture des métopes 13 à 20 de la frise dorique Sud du Parthénon. Les A. reconnaissent les Cécropides dans les métopes nos 13-14, Érechthée et son adversaire dans les nos 15-16, les Pandionides dans les nos 19-20. Pour eux, la métope no 17 ne peut représenter que Borée enlevant Oreithyie. Nombreux parallèles avec les œuvres sculptées contemporaines ou proches du Parthénon par leur date, détour par la peinture des vases et référence constante aux sources antiques.
520 _aSchemeless drawings : A simple key for reading south metopes nos. 13-20 of the Parthenon.The A. propose new identifications for the figures on the Parthenon south metopes nos. 13-20. They suggest the daughters of Cecrops for nos. 13-14, Erechtheus and his adversary for nos. 15-16, the daughters of Pandion for nos. 19-20, which means that no. 17 can only show Boreas with Oreithyia. Parallels are offered with other near – contemporary sculpture, vase painting, and literary references.
690 _aAthènes
690 _aAthens
690 _aDélos
690 _aGrèce
690 _aGreece
690 _aGreek world
690 _aIconographie
690 _aMonde grec
690 _aOrdre dorique
690 _aParthénon
690 _aRelief
690 _aRonde-bosse
690 _aSculpture
690 _aVase
690 _aVe s. av. J.-C.
786 0 _nRevue archéologique | 39 | 1 | 2005-03-01 | p. 3-25 | 0035-0737
856 4 1 _uhttps://shs.cairn.info/revue-archeologique-2005-1-page-3?lang=fr&redirect-ssocas=7080
999 _c1595600
_d1595600